书目信息 |
| 题名: |
智慧园区应用与发展
|
|
| 作者: | 方东平 主编 | |
| 分册: | 上 | |
| 出版信息: | 北京 中国电力出版社 2020.11 |
|
| 页数: | 370页 | |
| 开本: | 26cm | |
| 丛书名: | ||
| 单 册: | ||
| 中图分类: | TU984.13 | |
| 科图分类: | ||
| 主题词: | 工业园区--gong ye yuan qu--城市规划--研究--中国 | |
| 电子资源: | ||
| ISBN: | 978-7-5198-4982-5 | |
| 000 | 01193nam0 2200253 450 | |
| 001 | 012000045813 | |
| 005 | 20211025120159.0 | |
| 010 | @a978-7-5198-4982-5@dCNY84.00 | |
| 100 | @a20201223d2020 em y0chiy50 ea | |
| 101 | 0 | @achi |
| 102 | @aCN@b110000 | |
| 105 | @ay a 000yy | |
| 106 | @ar | |
| 200 | 1 | @a智慧园区应用与发展@Azhi hui yuan qu ying yong yu fa zhan@h上@f《智慧园区应用与发展》编写组 |
| 210 | @a北京@c中国电力出版社@d2020.11 | |
| 215 | @a370页@d26cm | |
| 314 | @a书内题: 方东平主编 | |
| 320 | @a有书目 | |
| 330 | @a本书系统总结当前我国智慧园区建设经验 ; 全面展示我国园区智慧化建设成就 ; 探索符合我国园区需求的先进技术和应用模式。全书分为以下章节: 智慧园区概述, 基于数字孪生的智慧园区发展新范式, 数字孪生智慧园区应用 —— 规划篇, 数字孪生智慧园区应用 —— 建设篇, 数字孪生智慧园区应用 —— 运营管理篇, 数字孪生智慧园区应用 —— 智能化设施篇, 数字孪生智慧园区应用 —— 产业服务篇, 数字孪生智慧园区应用 —— 园区大脑篇, 智慧园区的创新应用以及智慧园区未来发展展望。 | |
| 606 | 0 | @a工业园区@Agong ye yuan qu@x城市规划@x研究@y中国 |
| 690 | @aTU984.13@v5 | |
| 701 | 0 | @a方东平@Afang dong ping@4主编 |
| 801 | 0 | @aCN@c20210909 |
| 905 | @a河南城建学院图书馆@dTU984.13@eF194:1 | |
| 智慧园区应用与发展.上/《智慧园区应用与发展》编写组.-北京:中国电力出版社,2020.11 |
| 370页;26cm |
| ISBN 978-7-5198-4982-5:CNY84.00 |
| 本书系统总结当前我国智慧园区建设经验 ; 全面展示我国园区智慧化建设成就 ; 探索符合我国园区需求的先进技术和应用模式。全书分为以下章节: 智慧园区概述, 基于数字孪生的智慧园区发展新范式, 数字孪生智慧园区应用 —— 规划篇, 数字孪生智慧园区应用 —— 建设篇, 数字孪生智慧园区应用 —— 运营管理篇, 数字孪生智慧园区应用 —— 智能化设施篇, 数字孪生智慧园区应用 —— 产业服务篇, 数字孪生智慧园区应用 —— 园区大脑篇, 智慧园区的创新应用以及智慧园区未来发展展望。 |
| ● |
| 相关链接 |
|
|
|
正题名:智慧园区应用与发展
索取号:TU984.13/F194:1
 
预约/预借
| 序号 | 登录号 | 条形码 | 馆藏地/架位号 | 状态 | 备注 |
| 1 | 1546062 | 215460622 | 建筑库201/201建筑库 63排6列5层/ [索取号:TU984.13/F194:1] | 在馆 |